140 losowych Flag świata - Statystyki

Ogólne statystyki
  • Ten quiz został rozwiązany 7 razy
  • Średni wynik to 88 z 140
Statystyki odpowiedzi
Obrazkowy Hint Odpowiedź % Poprawnych
Albania
100%
Arabia Saudyjska
100%
Argentyna
100%
Aruba
100%
Bangladesz
100%
Belgia
100%
Bhutan
100%
Białoruś
100%
Brazylia
100%
Chile
100%
Chiny
100%
Chorwacja
100%
Cypr
100%
Czechy
100%
Ekwador
100%
Estonia
100%
Filipiny
100%
Finlandia
100%
Francja
100%
Gabon
100%
Ghana
100%
Grecja
100%
Gruzja
100%
Gwinea Bissau
100%
Hiszpania
100%
Holandia
100%
Honduras
100%
Indie
100%
Indonezja
100%
Irak
100%
Iran
100%
Irlandia
100%
Islandia
100%
Izrael
100%
Japonia
100%
Jordania
100%
Kanada
100%
Katar
100%
Kazachstan
100%
Kingman
100%
Kiribati
100%
Komory
100%
Korea Południowa
100%
Kosowo
100%
Kuwejt
100%
Liban
100%
Liberia
100%
Liechtenstein
100%
Łotwa
100%
Macedonia Północna
100%
Malediwy
100%
Malezja
100%
Malta
100%
Mauritius
100%
Meksyk
100%
Mikronezja
100%
Monako
100%
Mozambik
100%
Namibia
100%
Nauru
100%
Nepal
100%
Niemcy
100%
Norwegia
100%
Papua Nowa Gwinea
100%
Polska
100%
Portugalia
100%
Republika Południowej Afryki
100%
Republika Zielonego Przylądka
100%
Reunion
100%
Rosja
100%
Rumunia
100%
Senegal
100%
Serbia
100%
Słowacja
100%
Słowenia
100%
Sri Lanka
100%
Stany Zjednoczone
100%
Sudan Południowy
100%
Szwajcaria
100%
Szwecja
100%
Togo
100%
Trynidad i Tobago
100%
Turcja
100%
Ukraina
100%
Urugwaj
100%
Wenezuela
100%
Wietnam
100%
Włochy
100%
Wybrzeże Kości Słoniowej
100%
Wyspa Wniebowstąpienia
100%
Zambia
100%
Andora
80%
Australia
80%
Bułgaria
80%
Etiopia
80%
Gwinea
80%
Wyspy Świętego Tomasza i Książęca
80%
Anglia
75%
Angola
75%
Antigua i Barbuda
75%
Bahrajn
75%
Barbados
75%
Botswana
75%
Czad
75%
Egipt
75%
Haiti
75%
Luksemburg
75%
Nigeria
75%
San Marino
75%
Somalia
75%
Turkmenistan
75%
Uzbekistan
75%
Algieria
67%
Armenia
67%
Bośnia i Hercegowina
67%
Burkina Faso
67%
Curaçao
67%
Czarnogóra
67%
Dominika
67%
Dżibuti
67%
Gibraltar
67%
Kambodża
67%
Kenia
67%
Kirgistan
67%
Kolumbia
67%
Korea Północna
67%
Kostaryka
67%
Kuba
67%
Laos
67%
Makau
67%
Maroko
67%
Mołdawia
67%
Niger
67%
Nikaragua
67%
Peru
67%
Portoryko
67%
Samoa
67%
Seszele
67%
Sudan
67%
Tajlandia
67%
Tonga
67%
Uganda
67%
Watykan
67%
Zjednoczone Emiraty Arabskie
67%
Belize
60%
Sierra Leone
60%
Afganistan
50%
Bahamy
50%
Benin
50%
Boliwia
50%
Brunei
50%
Burundi
50%
To nie USA Dalekie Wyspy Mniejsze Stanów Zjednoczonych
50%
Dania
50%
Demokratyczna Republika Konga
50%
Erytrea
50%
Falklandy
50%
Gambia
50%
Grenada
50%
Guernsey
50%
Gujana
50%
Gwatemala
50%
Gwinea Równikowa
50%
Holandia Karaibska
50%
Irlandia Północna
50%
Jamajka
50%
Jemen
50%
Kamerun
50%
Kongo
50%
Libia
50%
Malawi
50%
Mali
50%
Mauretania
50%
Mongolia
50%
Navassa
50%
Pakistan
50%
Panama
50%
Pitcairn
50%
Rwanda
50%
Saint Pierre i Miquelon
50%
Saint Vincent i Grenadyny
50%
Salwador
50%
Singapur
50%
To nie Norwegia Svalbard i Jan Mayen
50%
Syria
50%
Szkocja
50%
Tajwan
50%
Tristan da Cunha
50%
Vanuatu
50%
Węgry
50%
Wielka Brytania
50%
Wyspa Bożego Narodzenia
50%
Wyspa Świętej Heleny
50%
Wyspy Salomona
50%
Akrotiri
33%
Anguilla
33%
Antarktyka
33%
Azerbejdżan
33%
Francuskie Terytoria Południowe i Antarktyczne
33%
Georgia Południowa i Sandwich Południowy
33%
Gujana Francuska
33%
Jersey
33%
Lesotho
33%
Montserrat
33%
Nowa Kaledonia
33%
Oman
33%
Palestyna
33%
Republika Środkowoafrykańska
33%
Saba
33%
Saint-Barthélemy
33%
Sint Eustatius
33%
Surinam
33%
Tunezja
33%
Walia
33%
Wyspa Man
33%
To nie Australia Wyspy Heard i McDonalda
33%
Wyspy Kokosowe
33%
Wyspy Marshalla
33%
Brytyjskie Terytorium Oceanu Indyjskiego
25%
Guam
25%
Johnston
25%
Sahara Zachodnia
25%
Timor Wschodni
25%
Tuvalu
25%
Sint Maarten
20%
Wake
20%
Austria
0%
Bermudy
0%
Brytyjskie Terytorium Antarktyczne
0%
Brytyjskie Wyspy Dziewicze
0%
Dhekelia
0%
Dominikana
0%
Eswatini
0%
Fidżi
0%
Grenlandia
0%
Gwadelupa
0%
Hongkong
0%
Howland, Jarvis i Baker
0%
Kajmany
0%
Litwa
0%
Madagaskar
0%
Majotta
0%
Mariany Północne
0%
Martynika
0%
Midway
0%
Mjanma
0%
Niue
0%
Nowa Zelandia
0%
Palau
0%
Palmyra
0%
Paragwaj
0%
Polinezja Francuska
0%
Saint Kitts i Nevis
0%
Saint Lucia
0%
To nie Francja Saint Martin
0%
Samoa Amerykańskie
0%
Tadżykistan
0%
Tanzania
0%
Tokelau
0%
Turks i Caicos
0%
Wallis i Futuna
0%
To nie Norwegia Wyspa Bouveta
0%
Wyspa Clippertona
0%
Wyspa Norfolk
0%
Wyspy Alandzkie
0%
Wyspy Cooka
0%
Wyspy Dziewicze Stanów Zjednoczonych
0%
Wyspy Owcze
0%
Zimbabwe
0%
Nie znaleziono quizów pasujących do podanych kryteriów
Rozkład punktacji
Procent ludzi z każdym wynikiem
Percentyl według liczby udzielonych odpowiedzi
Twoja historia wyników
Nie rozwiązałeś tego quizu